| 000 | 00477nam a2200145 a 4500 | ||
|---|---|---|---|
| 001 | 4558 | ||
| 003 | CDMR | ||
| 005 | 20130321184554.0 | ||
| 008 | 130130s1999||||||||||||||||||||||||||||d | ||
| 040 |
_aCDMR _bcat _cCPC GIRONA |
||
| 245 | 0 |
_aFigueres 1900-1936 _b: imatge i història de la Catalunya republicana _cJaume Santaló, coord. ; Josep Ma. Fradera ... [et al.] |
|
| 260 |
_c1999 _bConsorci del Museu de l'Empordà _aFigueres |
||
| 500 | _aCatàleg d'exposició | ||
| 942 |
_cMON _2udc |
||
| 999 |
_c4558 _d4558 |
||